[Event "GER Cup Net V2 U2400"]
[Site "Playchess.com INT"]
[Date "2020.05.22"]
[Round "5"]
[White "Wronn, Bernd"]
[Black "Bui, Bao Anh Le"]
[Result "1-0"]
[WhiteElo "1977"]
[BlackElo "1877"]
[PlyCount "142"]
[EventDate "2020.05.22"]
[EventType "swiss (blitz)"]
[EventRounds "9"]
[EventCountry "GER"]
[SourceTitle "EXT 2021"]
[Source "ChessBase"]
[SourceDate "2020.10.23"]
[SourceVersion "1"]
[SourceVersionDate "2020.10.23"]
[SourceQuality "1"]

1. Nf3 d5 2. c4 e6 3. g3 Nf6 4. Bg2 Nbd7 5. 0-0 dxc4 6. a4 a6 7. Qc2 Be7 8. Qxc4 b5 9. Qc6 Rb8 10. axb5 Bb7 11. Qc2 axb5 12. Nc3 0-0 13. d4 b4 14. Na4 b3 15. Qd1 c5 16. Bf4 Ra8 17. Qxb3 Bd5 18. Qd1 cxd4 19. Qxd4 Nb8 20. e3 Nc6 21. Qc3 Bb4 22. Qc1 h6 23. Rd1 Qa5 24. Nc3 Qxa1 25. Qxa1 Rxa1 26. Rxa1 Bxc3 27. bxc3 Re8 28. Nd4 Bxg2 29. Kxg2 Nxd4 30. cxd4 Nd5 31. Bd6 Rd8 32. Bc5 f5 33. Ra6 Kf7 34. Ra7+ Kf6 35. Kf3 g5 36. Rh7 Kg6 37. Rb7 Ra8 38. Rb3 Ra2 39. h3 Nf6 40. Kg2 Ne4 41. Rb6 Rxf2+ 42. Kg1 Kf6 43. d5 Nxc5 44. Kxf2 Ke5 45. d6 Nd7 46. Ra6 Kd5 47. h4 Ne5 48. hxg5 hxg5 49. Ke2 Nd7 50. Kd3 Nc5+ 51. Ke2 Nd7 52. Kf2 e5 53. g4 f4 54. exf4 exf4 55. Ra5+ Kxd6 56. Rxg5 Nf6 57. Kf3 Nd5 58. Rf5 Ke6 59. Rf8 Ke7 60. Ra8 Ke6 61. Ke4 Nf6+ 62. Kxf4 Kf7 63. Kf5 Nd5 64. Ra7+ Kf8 65. g5 Ne3+ 66. Kg6 Nd5 67. Kh7 Ke8 68. g6 Nf6+ 69. Kh8 Kf8 70. g7+ Ke8 71. g8Q+ Nxg8 1-0

[Event "GER Cup Net V1 U2400"]
[Site "Playchess.com INT"]
[Date "2020.05.19"]
[Round "8"]
[White "Hagner, Bennet"]
[Black "Bui, Bao Anh Le"]
[Result "0-1"]
[WhiteElo "1893"]
[BlackElo "1845"]
[PlyCount "58"]
[EventDate "2020.05.19"]
[EventType "swiss (blitz)"]
[EventRounds "9"]
[EventCountry "GER"]
[SourceTitle "EXT 2021"]
[Source "ChessBase"]
[SourceDate "2020.10.23"]
[SourceVersion "1"]
[SourceVersionDate "2020.10.23"]
[SourceQuality "1"]

1. e4 c5 2. Nf3 d6 3. d4 cxd4 4. Nxd4 Nf6 5. Nc3 a6 6. Bg5 e6 7. f4 h6 8. Bh4 Qb6 9. a3 Be7 10. Bf2 Qc7 11. Qf3 Nbd7 12. 0-0-0 b5 13. g4 g5 14. fxg5 Ne5 15. Qg3 hxg5 16. Be2 Bb7 17. h4 Nxe4 18. Nxe4 Bxe4 19. Rh2 gxh4 20. Rxh4 Bxh4 21. Qxh4 Rxh4 22. Bxh4 Rc8 23. Bf6 Bxc2 24. Rh1 Be4+ 25. Kd2 Bxh1 26. Bxe5 dxe5 27. Nxb5 Qc1+ 28. Kd3 Rd8+ 29. Nd6+ Rxd6# 0-1